000 00398nam a2200169Ia 4500
001 15803
003 IN-NITTTR
005 20251114233149.0
008 251113s9999||||xx |||||||||||||| ||eng||
040 _beng
040 _cIN-NITTTR
041 _aeng
082 _a006.3 T857L
100 _aTurner, Raymond
245 0 _aLogics for artificial intelligence /
_cTurner, Raymond
942 _2ddc
_cBK
999 _c18437
_d18437